A dolgozói elégedettség és lojalitás aspektusainak elemzése a Broadmoor Hotelben

Bibliographic Details
Main Author: Lakatos Nóra
Other Authors: Karakasné Morvay Klára
Format: Thesis
Kulcsszavak:Dolgozói lojalitás
Dolgozói elégedettség
Broadmoor Hotel
Dolgozói motiváció
Szállodai minőség
Online Access:http://dolgozattar.uni-bge.hu/2262

MARC

LEADER 00000nta a2200000 i 4500
001 dolg2262
005 20151215115530.0
008 150506suuuu hu om 000 hun d
040 |a BGE Dolgozattár Repozitórium  |b hun 
041 |a hu 
100 1 |a Lakatos Nóra 
245 1 2 |a A dolgozói elégedettség és lojalitás aspektusainak elemzése a Broadmoor Hotelben  |c Lakatos Nóra  |h [elektronikus dokumentum] 
246 1 1 |a A dolgozói elégedettség és lojalitás aspektusainak elemzése a Broadmoor Hotelben 
695 |a Dolgozói lojalitás 
695 |a Dolgozói elégedettség 
695 |a Broadmoor Hotel 
695 |a Dolgozói motiváció 
695 |a Szállodai minőség 
700 1 |a Karakasné Morvay Klára  |e ths 
856 4 0 |u http://dolgozattar.uni-bge.hu/2262/1/Szakdolgozat_Lakatos%20N%C3%B3ra.pdf  |z Dokumentum-elérés